| 000 | 00807cam a2200301 a 4500 | ||
|---|---|---|---|
| 001 | 122814 | ||
| 003 | ARRUPE | ||
| 005 | 20150814140842.0 | ||
| 008 | 821213s1982 inu 001 0 eng | ||
| 010 | _a 82004320 | ||
| 020 | _a0672527251 | ||
| 035 | _a(OCoLC)8346296 | ||
| 035 | _a(OCoLC)ocm08346296 | ||
| 035 | _a(CStRLIN)NYCG82-B65587 | ||
| 035 | _a(NNC)122814 | ||
| 040 | _cArrupe | ||
| 050 | 0 |
_aB29 _b.R26 1982 |
|
| 082 | 0 |
_a100 _219 |
|
| 090 |
_aB29 _b.R26 1982 |
||
| 100 | 1 |
_aRand, Ayn. _97327 |
|
| 245 | 1 | 0 |
_aPhilosophy, who needs it / _cAyn Rand ; introduction by Leonard Peikoff. |
| 260 |
_aIndianapolis : _bBobbs-Merrill, _cc1982. |
||
| 300 |
_axi, 276 p. ; _c24 cm. |
||
| 500 | _aIncludes index. | ||
| 650 | 0 |
_aPhilosophy. _918591 |
|
| 942 |
_2lcc _cMONOGRAPH |
||
| 999 |
_c123058 _d123058 |
||